000 00804nam a2200265Ia 4500
001 dia_3474
003 CHAP
005 20230411111902.0
008 220117s1986 xx 000 0 und d
010 _a173937
020 _a0-916150-82-8
040 _cCHAP
082 _a641.1 O5
100 _aOkos, Martin R.
_982951
245 _aPhysical and chemical properties of food /
_c Martin R. Okos
260 _aSt. joseph, michigan, USA :
_b american society of agricultural engineers,
_c1986
300 _a407 p.
503 _aC.1 I.151186, C.2, C.3 Y C.4 Fotocopia
650 _a1.Alimentos
_xanálisis
_9149393
650 _aAlimentos
_xquímica
_9140132
901 _a641.1 O5
902 _aM
905 _a0000001986 -USX 0000000000ENG00
942 _cLIBRO
_2ddc
999 _c173937
_d173937